000 00288nam a22001337a 4500
008 170927b xxu||||| |||| 00| 0 eng d
020 _a002910520
041 _aeng
080 _a37
100 _a47
101 _aEDU
245 _aPOWER OF PRESIDENCY
_cFISHER.J.L
942 _2udc
_cBK
999 _c30227
_d30227